| 000 | 005310000a22001810004500 | ||
|---|---|---|---|
| 090 |
_aAR _b01231 |
||
| 245 | 1 | 0 | _aNotes on bats of Florida's lower keys |
| 650 | 1 | 4 |
_aMurciélagos _92659 |
| 650 | 1 | 4 |
_aTaxonomía animal _98245 |
| 650 | 1 | 4 |
_aZoogeografía _993082 |
| 651 | 4 |
_dFlorida _pEstados Unidos _992749 |
|
| 653 |
_gArtibeus _eArtibeus jamaicensis |
||
| 041 | 0 | _aInglés | |
| 700 | 1 |
_aKoopman, Karl F. _993521 |
|
| 100 | 1 |
_aLazell, James D. _994499 |
|
| 942 | _cARTICULO | ||
| 773 | 1 |
_tBiological Research _3148 _h1 _q37-42 _d1985 _g48 |
|
| 999 |
_c10317 _d10317 |
||